| Tag |
First Indicator |
Second Indicator |
Subfields |
| LEADER |
00000cam a2200000 a 4500 |
| 001 |
in00000069704 |
| 005 |
20151008054537.0 |
| 008 |
810724s1980 enkaf 00010 eng d |
| 020 |
|
|
|a 0575028165
|
| 035 |
|
|
|a (OCoLC)07611556
|
| 035 |
|
|
|9 AAJ0974AM
|
| 040 |
|
|
|a CCH
|c CCH
|d TXA
|d UtOrBLW
|
| 043 |
|
|
|a e-uk-st
|
| 049 |
|
|
|a TXAM
|c [1804177]
|
| 090 |
|
|
|a S459
|b .C35
|
| 100 |
1 |
|
|a Cameron, David Kerr.
|
| 245 |
1 |
0 |
|a Willie Gavin, crofter man :
|b portrait of a vanished lifestyle /
|c by David Kerr Cameron.
|
| 264 |
|
1 |
|a London :
|b Victor Gollancz,
|c 1980.
|
| 300 |
|
|
|a 221 pages, 16 unnumbered pages of plates :
|b illustrations ;
|c 22 cm.
|
| 336 |
|
|
|a text
|b txt
|2 rdacontent
|
| 337 |
|
|
|a unmediated
|b n
|2 rdamedia
|
| 338 |
|
|
|a volume
|b nc
|2 rdacarrier
|
| 650 |
|
0 |
|a Agriculture
|z Scotland
|x History.
|
| 650 |
|
0 |
|a Farm life
|z Scotland
|x History.
|
| 650 |
|
0 |
|a Farms
|z Scotland
|x History.
|
| 651 |
|
0 |
|a Scotland
|x Rural conditions.
|
| 999 |
|
|
|a MARS
|
| 999 |
f |
f |
|s d79d021f-6230-3ac7-835d-9d9f3b5f4f58
|i 45918b25-c057-3b7f-9c62-be4681e616df
|t 0
|
| 952 |
f |
f |
|p ric
|a Texas A&M University
|b Rellis Campus
|c Joint Library Facility
|d Remote Storage
|t 0
|e S459 .C35
|h Library of Congress classification
|i unmediated -- volume
|m A14806233585
|
| 998 |
f |
f |
|a S459 .C35
|t 0
|l Remote Storage
|